000 00353pab a2200157 454500
008 180718b2008 xxu||||| |||| 00| 0 eng d
100 _aSharan, Shree Shankar
245 _aFighting the flood ravages of Kosi
260 _c2008
300 _ap.4-7.
362 _a11 Oct
650 _aFloods
773 _aMainstream
908 _aN
909 _a79927
999 _c79927
_d79927